ბათუმის შოთა რუსთაველის სახელმწიფო უნივერსიტეტის ბიბლიოთეკა

ეკლესიის ისტორია / (ბიბ.ჩანაწერი № 50343)

000 -ლიდერი
ფიქსირებული სიგრძის საკონტროლო ველი 01085nam a2200265Ia 4500
001 - საკონტროლო ნომერი
საკონტროლო ველი 17284
003 - საკონტროლო ნომრის იდენტიფიკატორი
საკონტროლო ველი GE_BSU
005 - ბოლო ოპერაციის თარიღი და დრო
საკონტროლო ველი 20200212110320.0
008 - ფიქსირებული სიგრძის მონაცემთა ელემენტები - ზოგადი ინფორმაცია
ფიქსირებული სიგრძის საკონტროლო ველი 181216s2010ge xx |||||||||||||| ||geo||
040 ## - კატალოგიზაციის წყარო
Transcribing agency GE_BSU
041 ## - ენის კოდი
Language code of text/sound track or separate title geo
080 ## - უნივერსალური ათობითი კლასიფიკაციის ინდექსი
Universal Decimal Classification number 27-9 ნ-86
100 ## - მთავარი ჩანაწერი - პიროვნების სახელი
Personal name ნორტი,ჯეიმს.
9 (RLIN) 6977
245 ## - ცნობა სათაურის შესახებ
Title ეკლესიის ისტორია /
Statement of responsibility, etc ჯეიმს ნორტი ; იiნგლი თარგმ: ლ.მაისურაძე ; რედ. ე. გიუნაშვილი.
264 ## - წარმოების, გამოცემის, დისტრიბუციის და სხვა ცნობები
გამოცემის, წარმოების, დისტრიბუციის... ადგილი თბილისი,
გამოცემის, წარმოების, დისტრიბუციის... თარიღი 2012.
300 ## - ფიზიკური აღწერა
Extent 542 გვ.:
Dimensions 22 სმ.
500 ## - ზოგადი შენიშვნა
General note დანართი: გვ. 534--542.
504 ## - BIBLIOGRAPHY, ETC. NOTE
Bibliography, etc ბიბლიოგრ. გვ:542
653 ## - INDEX TERM--UNCONTROLLED
Uncontrolled term ეკლესიის ისტორია
653 ## - INDEX TERM--UNCONTROLLED
Uncontrolled term რელიგია
653 ## - INDEX TERM--UNCONTROLLED
Uncontrolled term რელიგიის ისტორია
700 ## - ADDED ENTRY--PERSONAL NAME
Personal name მაისურაძე, ლ
Relator term მთარგმნელი
9 (RLIN) 6978
700 ## - ADDED ENTRY--PERSONAL NAME
Personal name გიუნაშვილი, ე
Relator term რედაქტორი
9 (RLIN) 6979
942 ## - ADDED ENTRY ELEMENTS (KOHA)
Koha item type წიგნი
Source of classification or shelving scheme
ეგზემპლარები
ჩამოწერის სტატუსი დაკარგული ეგზემპლარის სტატუსი კლასიფიკაციის წყარო ან თაროზე გაწყობის სქემა დაზიანების სტატუსი არ გაიცემა მუდმივი მდებარეობა (დაცვის ადგილი) ამჟამინდელი ადგილსამყოფელი თაროზე განთავსების ადგილი შეძენის თარიღი სრული შენახვის შიფრი შტრიხკოდი ბოლო ოპერაციის თარიღი ეგზემპლარის მიმდევრობითი ნომერი (კეტერი?) ფასის ძალაში შესვლის თარიღი ეგზემპლარის სახეობა
          ბათუმის შოთა რუსთაველის სახელმწიფო უნივერსიტეტის მთავარი ბიბლიოთეკა ბათუმის შოთა რუსთაველის სახელმწიფო უნივერსიტეტის მთავარი ბიბლიოთეკა წიგნსაცავი 2018-12-17 27-9 ნ-86 45375 2018-12-17 45375 2018-12-17 წიგნი